[Event "Cambridge op 3rd"]
[Site "Cambridge"]
[Date "2025.05.28"]
[Round "4"]
[White "Hutchinson, Paul A"]
[Black "McMahon, Paul"]
[Result "1/2-1/2"]
[WhiteElo "2054"]
[BlackElo "1911"]
[PlyCount "89"]
[EventDate "2025.05.26"]
[EventType "tourn"]
[EventRounds "9"]
[EventCountry "ENG"]
[SourceTitle "CB23_2025"]
[SourceDate "2025.06.04"]
[SourceVersion "1"]
[SourceVersionDate "2025.06.04"]
[SourceQuality "1"]

1. d4 Nf6 2. Nf3 d5 3. Bf4 c5 4. e3 Nc6 5. c3 Qb6 6. Qb3 c4 7. Qc2 Bf5 8. Qc1 e6 9. Nbd2 Be7 10. h3 h6 11. Be2 0-0 12. Ne5 Nxe5 13. Bxe5 Nd7 14. Bh2 Bd6 15. Bxd6 Qxd6 16. e4 Bg6 17. e5 Qe7 18. 0-0 f6 19. f4 fxe5 20. fxe5 Rxf1+ 21. Nxf1 Rf8 22. Qe3 Qh4 23. Nd2 Nb6 24. b3 cxb3 25. axb3 a6 26. Rf1 Rxf1+ 27. Bxf1 Nc8 28. Kh2 Qd8 29. b4 Qf8 30. Be2 Ne7 31. Nb3 Qc8 32. Nc5 Nc6 33. Qf2 Nb8 34. c4 b6 35. Na4 dxc4 36. Nxb6 Qb7 37. Nxc4 Qxb4 38. Nd6 Qd2 39. Qg3 Qxd4 40. Bc4 Bf7 41. Bd3 g5 42. Ne4 Nc6 43. Nf6+ Kg7 44. Bxa6 Qxe5 45. Ng4 1/2-1/2

[Event "Cambridge op 3rd"]
[Site "Cambridge"]
[Date "2025.05.27"]
[Round "3"]
[White "Prince, Alan R"]
[Black "Hutchinson, Paul A"]
[Result "0-1"]
[WhiteElo "1803"]
[BlackElo "2054"]
[PlyCount "72"]
[EventDate "2025.05.26"]
[EventType "tourn"]
[EventRounds "9"]
[EventCountry "ENG"]
[SourceTitle "CB23_2025"]
[SourceDate "2025.06.04"]
[SourceVersion "1"]
[SourceVersionDate "2025.06.04"]
[SourceQuality "1"]

1. Nf3 Nf6 2. g3 d5 3. Bg2 Nc6 4. d3 e5 5. Nbd2 h6 6. e4 dxe4 7. dxe4 Bc5 8. 0-0 Be6 9. Qe2 Qe7 10. Nc4 Bxc4 11. Qxc4 0-0-0 12. c3 Bb6 13. b4 Kb8 14. a4 a5 15. Ba3 Qe8 16. b5 Na7 17. Rad1 Rxd1 18. Rxd1 g5 19. Qd3 Ng4 20. Rd2 f5 21. c4 Nxf2 22. Rxf2 Bxf2+ 23. Kxf2 g4 24. Nd2 f4 25. Qd5 Rh7 26. b6 Nc8 27. bxc7+ Rxc7 28. Qxa5 b6 29. Qb4 Qf7 30. Kg1 f3 31. Bf1 f2+ 32. Kh1 Rd7 33. h4 gxh3 34. Kh2 Qh5 35. Qc3 Qd1 36. Bxh3 Qg1# 0-1

[Event "British Rapidplay"]
[Site "Peterborough"]
[Date "2025.03.01"]
[Round "6"]
[White "Bin Suhayl, Yousuf"]
[Black "Hutchinson, Paul A"]
[Result "1-0"]
[WhiteElo "1897"]
[BlackElo "2054"]
[PlyCount "128"]
[EventDate "2025.03.01"]
[EventType "swiss (rapid)"]
[EventRounds "11"]
[EventCountry "ENG"]
[SourceTitle "CB10_2025"]
[SourceDate "2025.03.05"]
[SourceVersion "1"]
[SourceVersionDate "2025.03.05"]
[SourceQuality "1"]

1. Nf3 g6 2. c4 Bg7 3. Nc3 d6 4. g3 Nc6 5. Bg2 e5 6. d3 h6 7. Rb1 a5 8. 0-0 Be6 9. b3 Qd7 10. Na4 Nf6 11. e3 Bh3 12. Bb2 h5 13. d4 e4 14. d5 Ne7 15. Bxh3 Qxh3 16. Ng5 Qf5 17. h4 0-0 18. Qc2 Rae8 19. Bc3 Nd7 20. Bxg7 Kxg7 21. Qc3+ Kg8 22. Qxa5 b6 23. Qd2 Ne5 24. f4 exf3 25. e4 Qg4 26. Qf4 Nd3 27. Qxf3 Qxf3 28. Rxf3 Ne5 29. Rf2 Kg7 30. Rbf1 Ng8 31. Nc3 Nh6 32. Nb5 Re7 33. Ne6+ Kg8 34. Nxf8 Kxf8 35. a4 Nd3 36. Re2 Nc5 37. Nd4 Nxe4 38. Ne6+ Ke8 39. Rxe4 fxe6 40. dxe6 Nf5 41. Kg2 c6 42. Kh3 d5 43. cxd5 cxd5 44. Re5 d4 45. Rc1 Rb7 46. Rc8+ Ke7 47. Rh8 Kf6 48. Re4 Re7 49. Rf8+ Kg7 50. Rb8 d3 51. Rd8 Kf6 52. Rxd3 Rxe6 53. Rxe6+ Kxe6 54. Rd8 Ne7 55. g4 Nc6 56. Rg8 hxg4+ 57. Kxg4 Ne5+ 58. Kg5 Kf7 59. Rb8 Nf3+ 60. Kf4 Nxh4 61. Rxb6 Nf5 62. a5 Ne7 63. Rb7 Ke6 64. Rxe7+ Kxe7 1-0

[Event "British Rapidplay"]
[Site "Peterborough"]
[Date "2025.03.01"]
[Round "5"]
[White "Hutchinson, Paul A"]
[Black "Khoury, Theo"]
[Result "0-1"]
[WhiteElo "2054"]
[BlackElo "2164"]
[PlyCount "108"]
[EventDate "2025.03.01"]
[EventType "swiss (rapid)"]
[EventRounds "11"]
[EventCountry "ENG"]
[SourceTitle "CB10_2025"]
[SourceDate "2025.03.05"]
[SourceVersion "1"]
[SourceVersionDate "2025.03.05"]
[SourceQuality "1"]

1. d4 d5 2. Bf4 Nf6 3. e3 e6 4. Nd2 c5 5. c3 Nc6 6. Ngf3 cxd4 7. exd4 Nh5 8. Be3 Bd6 9. Ne5 Nf6 10. f4 Qb6 11. Qb3 Ng8 12. Qxb6 axb6 13. Bb5 Nge7 14. Ndf3 f6 15. Ng4 h5 16. Nf2 Nf5 17. Bd2 Bd7 18. g3 Kf7 19. Bd3 Nce7 20. a3 Bc7 21. 0-0-0 Nd6 22. Rde1 Rhc8 23. Kb1 b5 24. Bc1 Bb6 25. Bc2 Nc4 26. Nd3 Nf5 27. Re2 Nfd6 28. Rhe1 Ne4 29. Nb4 Nxa3+ 30. bxa3 Nxc3+ 31. Kb2 Nxe2 32. Rxe2 Rc4 33. Be3 Ba5 34. Bb3 Bxb4 35. axb4 Rxb4 36. Kc3 Rc4+ 37. Bxc4 bxc4 38. Bc1 Ra1 39. Bb2 Rd1 40. Ne1 Ba4 41. Ba3 b5 42. Bc5 Rb1 43. f5 b4+ 44. Kd2 c3+ 45. Ke3 b3 46. fxe6+ Ke8 47. Nd3 Bb5 48. Rf2 Rd1 49. Nb4 b2 50. Nxd5 b1Q 51. Nxf6+ gxf6 52. Rxf6 Qd3+ 53. Kf4 Rf1+ 54. Kg5 Rxf6 0-1

[Event "Hull 4NCL op"]
[Site "Hull"]
[Date "2024.09.07"]
[Round "3"]
[White "Hutchinson, Paul A"]
[Black "Zhao, George"]
[Result "1-0"]
[WhiteElo "2029"]
[BlackElo "2035"]
[PlyCount "139"]
[EventDate "2024.09.06"]
[EventType "swiss"]
[EventRounds "5"]
[EventCountry "ENG"]
[SourceTitle "EXT 2025"]
[Source "ChessBase"]
[SourceDate "2024.10.14"]
[SourceVersion "1"]
[SourceVersionDate "2024.10.14"]
[SourceQuality "1"]

1. d4 e6 2. Nf3 Nf6 3. Bf4 c5 4. e3 Qb6 5. Nc3 Nc6 6. a3 Be7 7. Be2 Nh5 8. Bg3 Nxg3 9. hxg3 cxd4 10. exd4 Bf6 11. Na4 Qc7 12. c3 d6 13. b4 Bd7 14. Rc1 Ne7 15. c4 Rc8 16. Nc3 b5 17. Ne4 bxc4 18. Rxc4 Qb6 19. Rxc8+ Bxc8 20. Qd3 Ng6 21. Qb5+ Ke7 22. Qxb6 axb6 23. Kd2 Bd7 24. Kc3 d5 25. Nxf6 gxf6 26. Kb2 e5 27. Ba6 e4 28. Nd2 Kd6 29. Be2 f5 30. Bh5 Rc8 31. Rc1 Rxc1 32. Kxc1 f6 33. Kb2 Nf8 34. Kc3 Ne6 35. Bf7 Nc7 36. Kb2 Be8 37. Bxe8 Nxe8 38. Nb3 Nc7 39. Nc1 Ne6 40. Ne2 Nf8 41. a4 Ng6 42. Kc3 Ne7 43. b5 f4 44. Nxf4 Nf5 45. g4 e3 46. f3 e2 47. Nxe2 Ne3 48. Nf4 h6 49. Kb3 f5 50. gxf5 Nxf5 51. Ne2 Nh4 52. Nf4 Nf5 53. Kc3 Ne3 54. g3 Nf5 55. Ne2 Ne3 56. Kb3 Kd7 57. g4 Nf1 58. Kc3 Ne3 59. Kd3 Nc4 60. Ng3 Ke6 61. Nf5 Kf6 62. Ne3 Nb2+ 63. Kc2 Nxa4 64. Nxd5+ Ke6 65. Ne3 Kd6 66. Kb3 Nc5+ 67. dxc5+ Kxc5 68. Ka4 Kd4 69. Nf5+ Ke5 70. Nxh6 1-0

[Event "BCF-ch Seniors 65"]
[Site "Hull"]
[Date "2024.07.31"]
[Round "3"]
[White "James, Geoffrey H"]
[Black "Hutchinson, Paul A"]
[Result "1/2-1/2"]
[WhiteElo "2059"]
[BlackElo "2005"]
[PlyCount "69"]
[EventDate "2024.07.29"]
[EventType "swiss"]
[EventRounds "7"]
[EventCountry "ENG"]
[SourceTitle "CBM 221 Extra"]
[Source "ChessBase"]
[SourceDate "2024.09.30"]
[SourceVersion "1"]
[SourceVersionDate "2024.09.30"]
[SourceQuality "1"]

1. e4 d5 2. exd5 Qxd5 3. Nc3 Qa5 4. Bc4 Nf6 5. d3 Bg4 6. f3 Bd7 7. Bd2 c6 8. Qe2 Qc7 9. f4 b5 10. Bb3 Bg4 11. Nf3 Nbd7 12. h3 Bxf3 13. Qxf3 Rc8 14. a4 b4 15. Ne4 e6 16. Nxf6+ Nxf6 17. 0-0-0 Be7 18. f5 exf5 19. Qxf5 0-0 20. Rde1 Nd5 21. Re2 a5 22. Rf1 Bf6 23. Qg4 Qd6 24. Bg5 Bxg5+ 25. Qxg5 h6 26. Qf5 Rc7 27. Re5 Rd8 28. Rfe1 g6 29. Qf3 Kg7 30. Qe4 Qf6 31. Kb1 Rcd7 32. Re8 Rxe8 33. Qxe8 Rd8 34. Qe4 Rd6 35. Qe8 1/2-1/2

[Event "ENG-ch Seniors 65"]
[Site "Kenilworth"]
[Date "2024.05.26"]
[Round "4"]
[White "Hutchinson, Paul A"]
[Black "Norman, Kenneth I"]
[Result "1/2-1/2"]
[WhiteElo "1970"]
[BlackElo "2116"]
[PlyCount "95"]
[EventDate "2024.05.24"]
[EventType "swiss"]
[EventRounds "7"]
[EventCountry "ENG"]
[SourceTitle "CBM 220 Extra"]
[Source "ChessBase"]
[SourceDate "2024.07.31"]
[SourceVersion "1"]
[SourceVersionDate "2024.07.31"]
[SourceQuality "1"]

1. d4 Nf6 2. c4 g6 3. Nc3 d5 4. Nf3 Bg7 5. Bf4 0-0 6. e3 c5 7. Be2 cxd4 8. exd4 Nc6 9. h3 b6 10. 0-0 Bb7 11. Rc1 dxc4 12. Bxc4 Rc8 13. Qd3 Nb4 14. Qe2 Bxf3 15. gxf3 Qxd4 16. Ne4 Nxe4 17. fxe4 Qf6 18. Be3 Qh4 19. Qf3 Nc6 20. Qg2 Ne5 21. Be2 Bh6 22. f4 Rxc1 23. Bxc1 Rc8 24. Ba6 Rxc1 25. Rxc1 Bxf4 26. Rf1 g5 27. Be2 f6 28. Bg4 Be3+ 29. Kh1 Ng6 30. Qf3 Bf4 31. Qd3 Bd6 32. Qc3 h5 33. Bf5 Ne5 34. Qe1 Qxe1 35. Rxe1 Kf7 36. Bc8 Nd3 37. Re2 Nf4 38. Rd2 Ke8 39. a3 Kd8 40. Bf5 Kc7 41. Rc2+ Kb7 42. Bc8+ Kb8 43. Ba6 Bc7 44. Be2 Kb7 45. Bf3 Be5 46. b4 Kb8 47. b5 Kb7 48. Bd1 1/2-1/2

[Event "ENG-ch Seniors 65"]
[Site "Kenilworth"]
[Date "2024.05.24"]
[Round "1"]
[White "Harvey, John N"]
[Black "Hutchinson, Paul A"]
[Result "0-1"]
[WhiteElo "1697"]
[BlackElo "1970"]
[PlyCount "56"]
[EventDate "2024.05.24"]
[EventType "swiss"]
[EventRounds "7"]
[EventCountry "ENG"]
[SourceTitle "CBM 220 Extra"]
[Source "ChessBase"]
[SourceDate "2024.07.31"]
[SourceVersion "1"]
[SourceVersionDate "2024.07.31"]
[SourceQuality "1"]

1. c4 Nf6 2. g3 g6 3. Bg2 Bg7 4. Nc3 e5 5. e3 Nc6 6. Nge2 0-0 7. 0-0 d6 8. d4 a6 9. d5 Ne7 10. e4 Nd7 11. b4 a5 12. Rb1 axb4 13. Rxb4 Nc5 14. Qc2 b6 15. Be3 Bd7 16. f4 f5 17. Bxc5 bxc5 18. Rb3 Nc8 19. Nc1 Nb6 20. Qe2 exf4 21. gxf4 Qf6 22. Rd1 Rae8 23. Nb5 Bxb5 24. cxb5 fxe4 25. Bh3 Qxf4 26. Be6+ Kh8 27. Rf1 Bd4+ 28. Kh1 Qxf1+ 0-1

[Event "British Rapidplay"]
[Site "Peterborough"]
[Date "2024.03.03"]
[Round "11"]
[White "Hutchinson, Paul A"]
[Black "Keerthi Kumar, Advait"]
[Result "1-0"]
[WhiteElo "2006"]
[BlackElo "1794"]
[PlyCount "223"]
[EventDate "2024.03.02"]
[EventType "swiss (rapid)"]
[EventRounds "11"]
[EventCountry "ENG"]
[SourceTitle "CBM 219 Extra"]
[Source "ChessBase"]
[SourceDate "2024.05.31"]
[SourceVersion "1"]
[SourceVersionDate "2024.05.31"]
[SourceQuality "1"]

1. d4 Nf6 2. c4 g6 3. Nc3 Bg7 4. Bg5 0-0 5. e3 c6 6. Nf3 d5 7. cxd5 cxd5 8. Be2 Nc6 9. 0-0 Bf5 10. a3 Ne4 11. Nxe4 Bxe4 12. Nd2 Bf5 13. b4 h6 14. Bh4 a6 15. Rc1 g5 16. Bg3 Bg6 17. Qb3 h5 18. h3 e6 19. a4 Ne7 20. Rc7 Nf5 21. Bh2 b6 22. Rfc1 Re8 23. R1c6 Bf8 24. Rb7 a5 25. b5 Bb4 26. Nf1 Rc8 27. Rcxb6 Qf6 28. Be5 Qd8 29. Rb8 Rxb8 30. Rxb8 Qd7 31. Rxe8+ Qxe8 32. Qd1 h4 33. Qc1 Nd6 34. Nh2 Ne4 35. Ng4 Bh5 36. Bd3 Bxg4 37. hxg4 Nc3 38. Qc2 Qd8 39. g3 hxg3 40. fxg3 Kf8 41. Qh2 Ke7 42. Qh5 Nxa4 43. Qh6 Qc8 44. Qf6+ Ke8 45. Qxg5 Qc1+ 46. Bf1 Be7 47. Qg8+ Kd7 48. Bf4 Nb6 49. Qb8 Bd8 50. Qd6+ Kc8 51. Qb8+ Kd7 52. Qa7+ Ke8 53. Qxa5 Nc4 54. Qa4 Nd2 55. b6+ Kf8 56. Qb5 Bxb6 57. Kg2 Qd1 58. Qe2 Qxf1+ 59. Qxf1 Nxf1 60. Kxf1 f6 61. Ke2 Kf7 62. Kf3 Kg6 63. Bd6 Ba5 64. Kf4 Be1 65. Kf3 Ba5 66. Ba3 Bc7 67. Bb4 Bd8 68. Be1 Be7 69. e4 dxe4+ 70. Kxe4 Bd6 71. Kf3 Kg5 72. Bd2+ Kg6 73. Bf4 Bb4 74. Ke4 Be7 75. Kd3 Bf8 76. Kc4 Bg7 77. Be3 Bf8 78. Kb5 Bd6 79. Bf2 Ba3 80. Kc6 Kf7 81. Be3 Bb2 82. Kc5 Ba3+ 83. Kc6 Ke7 84. g5 fxg5 85. Bxg5+ Kf7 86. Bf4 Bb2 87. Be5 Bc3 88. Kc5 Be1 89. Kc4 Ba5 90. Kd3 Bb4 91. Ke4 Kg6 92. Bf4 Bc3 93. Ke5 Bb2 94. Be3 Kf7 95. g4 Ba3 96. g5 Be7 97. g6+ Kxg6 98. Kxe6 Ba3 99. d5 Kg7 100. Bf4 Kg8 101. Bd6 Bb2 102. Bc5 Bc1 103. d6 Bg5 104. d7 Bd8 105. Be7 Bc7 106. Bh4 Bb6 107. Ke7 Ba5 108. Ke8 Bb6 109. Bd8 Bd4 110. Bc7 Bf6 111. Bd6 Kg7 112. Be7 1-0

[Event "British Rapidplay"]
[Site "Peterborough"]
[Date "2024.03.02"]
[Round "4"]
[White "Vaidyanathan, Adithya"]
[Black "Hutchinson, Paul A"]
[Result "1-0"]
[WhiteElo "1900"]
[BlackElo "2006"]
[PlyCount "81"]
[EventDate "2024.03.02"]
[EventType "swiss (rapid)"]
[EventRounds "11"]
[EventCountry "ENG"]
[SourceTitle "CBM 219 Extra"]
[Source "ChessBase"]
[SourceDate "2024.05.31"]
[SourceVersion "1"]
[SourceVersionDate "2024.05.31"]
[SourceQuality "1"]

1. Nf3 Nf6 2. d4 g6 3. c4 Bg7 4. Nc3 d6 5. e4 Nc6 6. h3 0-0 7. Be3 Nd7 8. Qd2 e5 9. d5 Ne7 10. g4 Re8 11. Bd3 Nf8 12. 0-0-0 a6 13. Bh6 Bd7 14. Bxg7 Kxg7 15. c5 Ng8 16. cxd6 cxd6 17. Rdg1 b5 18. h4 b4 19. Ne2 Qc8+ 20. Kb1 Bxg4 21. Ne1 h5 22. f3 Bd7 23. Ng3 Kh7 24. f4 Bg4 25. f5 Qd8 26. Be2 Nh6 27. Bxg4 Nxg4 28. Nf3 Qf6 29. Ng5+ Kg8 30. Rf1 Qg7 31. Qxb4 f6 32. Ne6 Nxe6 33. dxe6 Rad8 34. Qd2 Kh7 35. fxg6+ Qxg6 36. Rf5 Rh8 37. e7 Rd7 38. Rxh5+ Kg8 39. Qd5+ Qf7 40. Rxh8+ Kg7 41. Rh7+ 1-0

[Event "Harrogate 4NCL op-A 31st"]
[Site "Harrogate"]
[Date "2024.01.20"]
[Round "2"]
[White "Mesesan, Mircea Marius"]
[Black "Hutchinson, Paul A"]
[Result "1-0"]
[WhiteElo "1923"]
[BlackElo "2013"]
[PlyCount "91"]
[EventDate "2024.01.19"]
[EventType "swiss"]
[EventRounds "5"]
[EventCountry "ENG"]
[SourceTitle "CBM 218 Extra"]
[Source "ChessBase"]
[SourceDate "2024.03.31"]
[SourceVersion "1"]
[SourceVersionDate "2024.03.31"]
[SourceQuality "1"]

1. d4 g6 2. Nf3 Nf6 3. e3 Bg7 4. Bd3 d6 5. 0-0 0-0 6. b3 b6 7. Bb2 Bb7 8. Nbd2 c5 9. Re1 Nc6 10. a3 Qc7 11. c4 e5 12. d5 Ne7 13. Qc2 Ne8 14. Nf1 f5 15. e4 f4 16. b4 h6 17. bxc5 bxc5 18. a4 g5 19. h3 Ng6 20. a5 Ba6 21. Qa4 Bf6 22. N1h2 h5 23. Bc3 Rc8 24. Be2 Qh7 25. Nd2 Bd8 26. Reb1 Nf6 27. Rb2 Rf7 28. f3 Nf8 29. Qc2 N8d7 30. Rab1 Rg7 31. Re1 Be7 32. Nb1 g4 33. fxg4 hxg4 34. Nxg4 Nxg4 35. Bxg4 Rxg4 36. hxg4 Bh4 37. Na3 Bg3 38. Qa4 Nf6 39. g5 Ng4 40. g6 Qh2+ 41. Kf1 Ne3+ 42. Rxe3 fxe3 43. Qd7 Rf8+ 44. Ke2 Qxg2+ 45. Kd3 Qf3 46. Qh7# 1-0

[Event "Calvia Amateur op 20th"]
[Site "Calvia"]
[Date "2023.10.12"]
[Round "6"]
[White "Hutchinson, Paul A"]
[Black "Hrbolka, Ladislav"]
[Result "0-1"]
[WhiteElo "2011"]
[BlackElo "2035"]
[PlyCount "96"]
[EventDate "2023.10.07"]
[EventType "swiss"]
[EventRounds "9"]
[EventCountry "ESP"]
[SourceTitle "CBM 216 Extra"]
[Source "ChessBase"]
[SourceDate "2023.11.30"]
[SourceVersion "1"]
[SourceVersionDate "2023.11.30"]
[SourceQuality "1"]

1. d4 Nf6 2. Bf4 d5 3. e3 c5 4. Nf3 Nc6 5. Nbd2 Nh5 6. Bg5 h6 7. Bh4 g5 8. Ne5 Ng7 9. Bg3 Nf5 10. Bb5 Qb6 11. c4 Nxg3 12. fxg3 Bg7 13. 0-0 0-0 14. Bxc6 bxc6 15. Qh5 Be6 16. Nb3 cxd4 17. c5 Qc7 18. exd4 a5 19. Rae1 Rab8 20. Qe2 a4 21. Nc1 Rb4 22. Qd2 Rfb8 23. b3 axb3 24. axb3 R4b5 25. Qc3 Re8 26. b4 f6 27. Nc4 Bf7 28. Ne3 e6 29. Nd3 Bg6 30. Nc1 h5 31. Rf2 Rb7 32. g4 h4 33. Rb2 Qc8 34. Rf1 f5 35. Nd3 Qd7 36. Rbf2 Rf8 37. h3 f4 38. Nc2 Be4 39. Ne5 Qe8 40. Ra1 Bxc2 41. Rxc2 Bxe5 42. dxe5 Qg6 43. Rb2 Rfb8 44. Ra5 Qe4 45. b5 d4 46. Qc1 Qxe5 47. b6 Qe3+ 48. Qxe3 fxe3 0-1